书目信息 |
| 题名: |
我热爱中国
|
|
| 作者: | 斯诺 , Snow 著 ;董乐山 译 | |
| 分册: | ||
| 出版信息: | 北京 三联书店 1978 |
|
| 页数: | 197页 | |
| 开本: | 19cm | |
| 丛书名: | ||
| 单 册: | ||
| 中图分类: | K837.125.6 | |
| 科图分类: | ||
| 主题词: | ||
| 电子资源: | ||
| ISBN: | 3002.199 | |
| 000 | 00838nam0 2200265 450 | |
| 001 | 0178007468 | |
| 005 | 20100712215500.0 | |
| 010 | @a3002.199@dCNY0.47 | |
| 091 | @a3002.199 | |
| 100 | @a19971201d1978 em y0chiy0110 ea | |
| 101 | 1 | @achi@ceng |
| 102 | @aCN@b110000 | |
| 105 | @af z 000yd | |
| 106 | @ar | |
| 200 | 1 | @a我热爱中国@9Wo Re Ai Zhong Guo @e在斯诺生命的最后日子里@f(美)斯诺(Snow,L.W.)著@g董乐山译 |
| 210 | @a北京@c三联书店@d1978 | |
| 215 | @a197页@c照片@d19cm | |
| 600 | 1 | @a斯诺@c(Snow, Edgar Parks@f1905~1972)@x生平事迹 |
| 600 | 1 | @2CT@3S070965@a斯诺@c(Snow, Edgar Parks@f1905~1972) |
| 690 | @aK837.125.6@v3 | |
| 701 | 1 | @a斯诺@9si nuo@bL.W.@4著 |
| 701 | 1 | @aSnow@bL.W.@4著 |
| 702 | 0 | @a董乐山@9dong le shan@f(1924~1999)@4译 |
| 801 | 0 | @aCN@bAzMarc@c20130904 |
| 905 | @aBZT@dK837.12@e114@f4@sK837.12/114 | |
| 我热爱中国:在斯诺生命的最后日子里/(美)斯诺(Snow,L.W.)著/董乐山译.-北京:三联书店,1978 |
| 197页:照片;19cm |
| ISBN 3002.199:CNY0.47 |
| ● |
| 相关链接 |
|
|
|
正题名:我热爱中国
索取号:K837.12/114
 
预约/预借
| 序号 | 登录号 | 条形码 | 馆藏地/架位号 | 状态 | 备注 |
| 1 | 2000033594 | 2000033594 | 旧书回溯/ [索取号:K837.12/114] | 在馆 | |
| 2 | 2000078315 | 2000078315 | 旧书回溯/ [索取号:K837.12/114] | 在馆 | |
| 3 | 2000120220 | 2000120220 | 旧书回溯/ [索取号:K837.12/114] | 在馆 | |
| 4 | 2000124789 | 2000124789 | 旧书回溯/ [索取号:K837.12/114] | 在馆 |